| 000 | 00686cam a22002414a 4500 | ||
|---|---|---|---|
| 008 | |||
| 020 | _a0826451071 (pbk. ) | ||
| 049 | _aMAIN | ||
| 090 | _aLB1044.87 GRE | ||
| 100 | 1 | _aGrey, Duncan. | |
| 245 | 1 | 4 |
_aThe Internet in school / _cDuncan Grey. |
| 260 |
_aLondon : _bContinuum, _c1999. |
||
| 300 |
_a155 p. : _bill. ; _c24 cm. |
||
| 504 | _aIncludes bibliographical references. | ||
| 500 | _aIncludes index. | ||
| 650 | 0 | _aInternet in education. | |
| 650 | 0 |
_aInternet _xStudy and teaching. |
|
| 907 |
_a.b10209189 _b14-05-07 _c07-08-06 |
||
| 003 | |||
| 005 | 20230123134437.0 | ||
| 040 | _cNUST | ||
| 942 |
_cBOOKS _kLB1044.87 GRE |
||
| 999 |
_c166032 _d166032 |
||